Dòng sông Truyện kí
Gardado en:
| Autor Principal: | |
|---|---|
| Formato: | Libro |
| Idioma: | Undetermined |
| Publicado: |
Hà Nội
Lao động
1972
|
| Những chủ đề: | |
| Các nhãn: |
Engadir etiqueta
Sen Etiquetas, Sexa o primeiro en etiquetar este rexistro!
|
| Thư viện lưu trữ: | Trung tâm Học liệu Trường Đại học Cần Thơ |
|---|
| LEADER | 00539nam a2200193Ia 4500 | ||
|---|---|---|---|
| 001 | CTU_10470 | ||
| 008 | 210402s9999 xx 000 0 und d | ||
| 082 | |a 895.922301 | ||
| 082 | |b Ch125d | ||
| 100 | |a Đỗ Bảo Châu | ||
| 245 | 0 | |a Dòng sông | |
| 245 | 0 | |b Truyện kí | |
| 245 | 0 | |c Đỗ Bảo Châu | |
| 260 | |a Hà Nội | ||
| 260 | |b Lao động | ||
| 260 | |c 1972 | ||
| 650 | |a vietnamese literature | ||
| 904 | |i Nguyễn Quang Điền, 961009 | ||
| 980 | |a Trung tâm Học liệu Trường Đại học Cần Thơ | ||